000
00223nam a22000857a 4500
008
170208b xxu||||| |||| 00| 0 eng d
100
_9
2813
_a
Searle.B.
245
_a
Sound (Fascinating Science Projects)
260
_a
New Delhi
_c
2013
999
_c
6028
_d
6028